zpět

Detail výsledku týmu

Pivovar U Švelchů, Sušice

Datum a čas kvízu

26 Celkem bodů Celkový počet nahraných bodů na tomto kvízu bez doplňovacích otázek.
7. Pořadí na kvízu Konečné umístění týmu na tomto kvízu.

Zaznamenané odpovědi

# Otázka Odpověď Body Výsledky
1. Investigativní tým podílející... Jan Novák 1
2. Na švýcarských mincích se popr... Roger Federer 1
3. Pořadatelé multikulturního fes... Twenty One Pilots 1
4. V pondělí začala v jedné evrop... Madrid 0
5. Ester Ledecká opět překvapila... Lake Louise 0
6. Toto téma zvítězilo minulý týd... vakovlk 0
7. Jakým způsobem souvisí s naším... Na tomto fiktivním ostrově se odehrával děj filmu Jurský park. 1
8. Na tomto obrázku vidíme velkou... latimérie podivná 0
9. Mnohým z vás jistě při přečten... Mauricius 0
10. Na obrázku vidíme grafické vyj... vyhynulý ve volné přírodě, žije pouze v zajetí 0